Transfery Wolves w letnim okienku transferowym 2021/22. - Statystyki

Ogólne statystyki
  • Ten quiz został rozwiązany 11 razy
  • Średni wynik to 2 z 6
Statystyki odpowiedzi
Cena Pozycja Narodowość Poprzedni Klub Piłkarz % Poprawnych
Wypożyczenie Prawy napastnik Portugalia Barcelona Trincao
91%
8,00 mln Bramkarz Portugalia Olympiakos Sa
73%
Wypożyczenie Środkowy napastnik Korea Południowa RB Lipsk Hwang Hee-Chan
55%
11,10 mln Lewy obrońca Francja Angers Ait Nouri
27%
2,00 mln Prawy obrońca Węgry Fehervar Bolla
0%
5,20 mln Środkowy obrońca Kolumbia Atletico Nacional Mosquera
0%
Nie znaleziono quizów pasujących do podanych kryteriów
Rozkład punktacji
Procent ludzi z każdym wynikiem
Percentyl według liczby udzielonych odpowiedzi
Twoja historia wyników
Nie rozwiązałeś tego quizu